Statistics for International Borders- Deserts

Click here to take the quiz!

General Stats

  • This quiz has been taken 23 times
  • The average score is 6 of 15

Answer Stats

Country ACountry BDesert% Correct
ChinaMongoliaGobi
100%
ChilePeruAtacama
87%
BostwanaNamibiaKalahari
78%
EgyptIsraelSinai | Negev
70%
MexicoUnited StatesChihuahuan
52%
MexicoUnited StatesSonoran
52%
IndiaPakistanThar
48%
EgyptLibyaLibyan
43%
ArgentinaChilePatagonian
35%
IraqJordanSyrian
35%
EgyptSudanNubian
17%
Saudi ArabiaOmanRub' al Khali
17%
KazakhstanUzbekistanKyzylkum
4%
ColombiaVenezuelaLa Guajira
4%
IranPakistanKharan
0%

Score Distribution

Percentile by Number Answered

Percent of People with Each Score

Your Score History

You have not taken this quiz